Democracia sin exclusiones ni excluidos /

Sábháilte in:
Sonraí bibleagrafaíochta
Príomhchruthaitheoir: Sader, Emir
Formáid: Anaithnid
Foilsithe / Cruthaithe: Caracas: Nueva Sociedad
Clibeanna: Cuir clib leis
Níl clibeanna ann, Bí ar an gcéad duine le clib a chur leis an taifead seo!

MARC

LEADER 00000 a2200000 04500
001 10288
003
008 991231s d
040
090 |a 135605  
100 |a Sader, Emir  
245 |a Democracia sin exclusiones ni excluidos /  |c Emir Sader 
260 |a Caracas:   |b Nueva Sociedad  
300 |a 236 p.  
999 |c 14326  |d 14326